Responses for Show #3340 - Friday, February 26, 1999

1999-A Teen Tournament quarterfinal game 5.

Contestants

[<< previous game]

Nate Budde, a senior from Brush Prairie, Washington

Kitty Roberts, a junior from Columbia, South Carolina

Jeff Cary, a senior from Leavenworth, Kansas

[next game >>]

Jeopardy! Round responses

LIFE AFTER APPOMATTOX
DISNEY FILM VOICES
OF BIBLICAL PROPORTIONS
MISS MANNERS
MUSIC CLASS
ABBREVIATIONS
    $100 1
Jesse James

Kitty
    $100 7
Aladdin

Jeff
    $100 12
fathoms

Jeff
    $100 23
the bride

Nate
    $100 19
(Kitty: What is four?)
...
(Alex: Four per.)

16

KittyNate
    $100 3
Scholastic Aptitude Test

Kitty
    $200 2
Jefferson Davis

Nate
    $200 8
Beauty and the Beast

Nate
    $200 16
the elbow

Kitty
    $200 26
the shoulder

Kitty
    $200 20
the left hand

Kitty
    $200 13
the Cable News Network

Kitty
    $300 4
Harriet Beecher Stowe

Jeff
    $300 9
101 Dalmatians

Kitty
    $1,000 17
Ruth

Kitty
    $300 27
leave

Jeff
    $300 24
do

Nate
    $300 14
University of Nevada-Las Vegas

Nate
    $400 5
George Armstrong Custer

Triple Stumper
    $400 10
Mel Gibson

Jeff
    $400 18
manna

Nate
    $400 28
a placecard

Kitty
    $400 25
a fugue

Jeff
    $400 15
the Royal Canadian Mounted Police

Kitty
    $500 6
Robert E. Lee

Jeff
    $500 11
The Hunchback of Notre Dame

Kitty
    $500 21
(Alex: The father of Solomon was [*].)

King David

Triple Stumper
    $500 29
tea (leaves)

Nate
    $500 30
a sonata

Kitty
    $500 22
the German Democratic Republic

Kitty

Scores at the first commercial break (after clue 15):

Jeff Kitty Nate
$1,400 $1,600 $700

Scores at the end of the Jeopardy! Round:

Jeff Kitty Nate
$2,100 $4,500 $2,100

Double Jeopardy! Round responses

COUNTRIES OF THE WORLD
POP IN '98
PUT 'EM IN ORDER
ROBERT LOUIS STEVENSON
"AA"
BATTERIES
    $200 1
the Vatican City State

Jeff
    $200 6
Brandy and Monica

Kitty
    $200 11
Unforgiven, Braveheart, The English Patient

Kitty
    $200 13
Dr. Jekyll and Mr. Hyde

Jeff
    $200 21
the aardvark

Jeff
    $200 26
Energizer

Jeff
    $400 2
Chile

Nate
    $400 7
The Beatles

Jeff
    $400 12
(Jeff: What is atom bomb, "La Bamba", hydrogen bomb?)
(Nate: What is "La Bamba", atom bomb, hydrogen bomb?)
...
(Alex: Did they confuse you, Kitty?)
[Kitty nods her head and smiles.]

atom bomb, hydrogen bomb, Ritchie Valens' "La Bamba"

JeffNate
Triple Stumper
    $400 17
lighthouses

Jeff
    $400 22
Hank Aaron

Kitty
    $400 27
nickel & cadmium

Jeff
    $600 3
Iran

Jeff
    $600 8
The Backstreet Boys

Jeff
    $600 14
Ulysses S. Grant,James A. Garfield, William Howard Taft

Jeff
    $600 18
Verses

Jeff
    $600 23
Canaan

Kitty
    $600 28
(Jeff: What is 9?)

1.5

Jeff
Triple Stumper
    $800 4
Indonesia

Jeff
    $800 9
The Fresh Prince of Bel-Air

Jeff
    $2,000 15
Mercury Project, Gemini Project, Apollo Project

Jeff
    $1,900 19
Treasure Island

Jeff
    $800 24
Salaam

Kitty
    $800 29
circuit

Jeff
    $1000 5
Luxembourg

Kitty
    $1000 10
Primus

Triple Stumper
    $1000 16
(Nate: What is Iroquois League, Hanseatic League, League of Nations?)

Hanseatic League, Iroquois League, League of Nations

JeffNate
    $1000 20
Ballantrae

Jeff
    $1000 25
James Caan

Jeff
    $1000 30
a reduction reaction

Kitty

Scores at the end of the Double Jeopardy! Round:

Jeff Kitty Nate
$14,800 $8,700 $1,100

Final Jeopardy! Round responses

THE TITANIC
NateWho is Samuel B. Morse
$1,100
KittyWho was Samuel Morse?
$3,301
JeffWho is Marconi?
$2,200
Guglielmo Marconi

Final scores:

Jeff Kitty Nate
$17,000 $5,399 $0
Automatic semifinalist 2nd place: $2,500 3rd place: $2,500

Game dynamics:

Coryat scores:

Jeff Kitty Nate
$12,500 $8,000 $1,100
26 R
(including 2 DDs),
2 W
20 R
(including 1 DD),
1 W
9 R,
2 W

Combined Coryat: $21,600

[game clues] [game scores] [suggest correction]

Game tape date: Unknown
The J! Archive is created by fans, for fans. Scraping, republication, monetization, and malicious use prohibited; this site may use cookies and collect identifying information. See terms. The Jeopardy! game show and all elements thereof, including but not limited to copyright and trademark thereto, are the property of Jeopardy Productions, Inc. and are protected under law. This website is not affiliated with, sponsored by, or operated by Jeopardy Productions, Inc. Join the discussion at JBoard.tv.